MARC

Tag First Indicator Second Indicator Subfields
LEADER 00000cam a2200000La 4500
001 in00001756421
005 20220105120833.0
006 m u
007 cr cn-
008 960715s1997 ilu sb 001 0 eng d
010 |z  96031816  
020 |a 0585034915 (electronic bk.) 
020 |z 0786311134 
035 |a (OCoLC)ocm42330307 
040 |a N$T  |c N$T  |d OCL  |d UtOrBLW 
043 |a n-us--- 
049 |a IKMN 
050 1 4 |a HG1642.U5  |b G73 1997eb 
082 0 4 |a 332.1/753  |2 20 
100 1 |a Grady, Francis X.  |0 http://id.loc.gov/authorities/names/n96068830 
245 1 4 |a The new CRA :  |b a practical guide to compliance /  |c Francis X. Grady. 
264 1 |a Chicago :  |b Irwin Professional Pub.,  |c [1997] 
264 4 |c ©1997 
300 |a xii, 150 pages ;  |c 23 cm. 
336 |a text  |b txt  |2 rdacontent 
337 |a computer  |b c  |2 rdamedia 
338 |a online resource  |b cr  |2 rdacarrier 
504 |a Includes bibliographical references and index. 
533 |a Electronic reproduction.  |b Boulder, Colo. :  |c NetLibrary,  |d 1999.  |n Available via the World Wide Web.  |n Available in multiple electronic file formats.  |n Access may be limited to NetLibrary affiliated libraries. 
500 |a Electronic resource. 
650 0 |a Bank loans  |z United States.  |0 http://id.loc.gov/authorities/subjects/sh2007101812 
650 0 |a Community development  |z United States.  |0 http://id.loc.gov/authorities/subjects/sh2008100078 
650 0 |a Discrimination in mortgage loans  |z United States.  |0 http://id.loc.gov/authorities/subjects/sh2008102315 
650 0 |a Bank loans  |x Law and legislation  |z United States.  |0 http://id.loc.gov/authorities/subjects/sh2007101811 
650 0 |a Community development  |x Law and legislation  |z United States.  |0 http://id.loc.gov/authorities/subjects/sh2008101393 
655 7 |a Electronic books.  |2 local 
710 2 |a NetLibrary, Inc.  |0 http://id.loc.gov/authorities/names/no99080690 
776 1 |c Original  |w (DLC) 96031816  |w (OCoLC)35110273 
856 4 1 |u https://proxy.library.tamu.edu/login?url=http://www.netlibrary.com/urlapi.asp?action=summary&v=1&bookid=40  |z Connect to the full text of this electronic book  |t 0 
994 |a 92  |b IKM 
999 |a MARS 
999 f f |s fa6ab926-c309-303b-b426-f66020715f5e  |i 38bac008-86ea-3b4b-8df7-e75928f6096e  |t 0 
952 f f |a Texas A&M University  |b College Station  |c Electronic Resources  |d Available Online  |t 0  |e HG1642.U5 G73 1997eb  |h Library of Congress classification 
998 f f |a HG1642.U5 G73 1997eb  |t 0  |l Available Online